[Event "AUTO-INT-2059"]
[Site "http://www.queenalice.com/game.php?id=948773"]
[Date "2011.6.11"]
[Round "1"]
[White "Marrobas"]
[Black "Macal"]
[Result "1-0"]
[WhiteElo "1489"]
[BlackElo "1371"]

1. d4 d5 2. c4 Nf6 3. Nc3 c6 4. Bg5 h6 5. Bh4 dxc4 6. e4 b6 7. Bxc4 e6 8. e5 g5
9. Bg3 Bb4 10. exf6 Qxf6 11. Nf3 Bb7 12. Be5 Qf5 13. Bxh8 Bxc3+ 14. bxc3 Ba6 15.
Bxa6 Nxa6 16. Qa4 Qe4+ 17. Kd2 Nc7 18. Rhe1 Qf4+ 19. Kd1 b5 20. Qc2 f6 21. Qg6+
Kd7 22. Bxf6 Ne8 23. Qf7+ Kc8 24. Qxe6+ Kb7 25. Qd7+ Nc7 26. Be5 Qf8 27. Qxc7+
Ka6 28. Qxc6+ Ka5 29. Bc7+ Ka4 30. Qa6# 1-0

[Event "AUTO-INT-2059"]
[Site "http://www.queenalice.com/game.php?id=948774"]
[Date "2011.6.11"]
[Round "1"]
[White "Macal"]
[Black "Marrobas"]
[Result "0-1"]
[WhiteElo "1379"]
[BlackElo "1500"]

1. e4 d5 2. Nc3 c6 3. Nf3 Bg4 4. h3 Bh5 5. d4 e6 6. e5 Nd7 7. Bg5 f6 8. Bf4 Qb6
9. Rb1 c5 10. Bb5 cxd4 11. Nxd4 Bxd1 12. Rxd1 fxe5 13. Bxe5 O-O-O 14. Bg3 a6 15.
Be2 Qxb2 16. Rb1 Qxc3+ 17. Kf1 Qxd4 18. Rc1 Ngf6 19. c3 Qd2 20. Re1 Ne4 21. Bh4
Re8 22. f3 Qf4 23. g3 Nxg3+ 24. Bxg3 Qxg3 25. Rg1 Qxh3+ 26. Rg2 Bc5 27. f4 Qh1+
28. Rg1 Qxg1# 0-1

[Event "AUTO-INT-2059"]
[Site "http://www.queenalice.com/game.php?id=948775"]
[Date "2011.6.11"]
[Round "1"]
[White "Marrobas"]
[Black "papyrusmoon"]
[Result "1-0"]
[WhiteElo "1457"]
[BlackElo "1480"]

1. e4 e5 2. Nf3 Nf6 3. Bc4 Nxe4 4. O-O Bc5 5. d3 Nd6 6. Re1 Nc6 7. Nxe5 Qf6 8.
Ng4+ Ne5 9. Nxf6+ gxf6 10. Rxe5+ fxe5 11. Qf3 b5 12. Qxa8 bxc4 13. Qf3 cxd3 14.
Qf6 Rg8 15. Qxe5+ Kd8 16. Qxc5 Ne4 17. Qc4 Bb7 18. Qxf7 d2 19. Nxd2 Rg4 20. Nxe4
Bxe4 21. f3 Bg6 22. Qf8+ Be8 23. fxg4 d5 24. Bg5+ Kd7 25. Qe7+ Kc6 26. Qxe8+ Kc5
27. Be7+ Kd4 28. Rd1+ Ke4 29. Bd6# 1-0

[Event "AUTO-INT-2059"]
[Site "http://www.queenalice.com/game.php?id=948776"]
[Date "2011.6.11"]
[Round "1"]
[White "papyrusmoon"]
[Black "Marrobas"]
[Result "0-1"]
[WhiteElo "1447"]
[BlackElo "1474"]

1. e4 e5 2. Nf3 Nc6 3. Bb5 a6 4. Bxc6 dxc6 5. O-O Bd6 6. d4 Bg4 7. Bg5 f6 8.
dxe5 fxg5 9. exd6 cxd6 10. h3 Bh5 11. Re1 Ne7 12. Nc3 O-O 13. e5 Bxf3 14. gxf3
dxe5 15. Rxe5 Ng6 16. Re4 Qxd1+ 17. Rxd1 Rxf3 18. Kg2 Raf8 19. Re2 Rxc3 20. bxc3
Nf4+ 21. Kg3 Nxe2+ 22. Kg4 Nxc3 23. Rd7 Rxf2 24. Rd8+ Rf8 25. Rd7 Nxa2 26. Kxg5
b5 27. h4 g6 28. c4 Rf5+ 29. Kg4 bxc4 30. Rd4 Rc5 31. Rd8+ Kf7 32. Rd7+ Ke6 33.
Rxh7 c3 34. Rb7 c2 35. Rb2 c1=Q 36. Rxa2 Qc4+ 0-1

[Event "AUTO-INT-2059"]
[Site "http://www.queenalice.com/game.php?id=948777"]
[Date "2011.6.11"]
[Round "1"]
[White "Marrobas"]
[Black "Oguh"]
[Result "1-0"]
[WhiteElo "1511"]
[BlackElo "1757"]

1. d4 d5 2. c4 Nf6 3. Nc3 Nc6 4. Bg5 e6 5. e4 Be7 6. e5 Ne4 7. Bxe7 Qxe7 8. cxd5
Nxc3 9. bxc3 exd5 10. Nf3 Bg4 11. h3 Bf5 12. Bd3 Bxd3 13. Qxd3 O-O 14. O-O Na5
15. Rab1 b6 16. Nd2 c5 17. f4 c4 18. Qc2 f6 19. Nf3 f5 20. Qa4 Rab8 21. Ne1 Qe8
22. Qxe8 Rfxe8 23. Nc2 Nc6 24. Ne3 Ne7 25. Rb5 Red8 26. Rfb1 h6 27. a4 g6 28. a5
Nc8 29. Nxd5 a6 30. Nf6+ Kf7 31. Rd5 Rxd5 32. Nxd5 b5 33. Kf2 Rb7 34. Kf3 Ke6
35. Ne3 Ne7 36. Nxc4 Rc7 37. Ne3 Rxc3 38. g4 Ra3 39. Rc1 Rxa5 40. Rc5 Ra3 41.
Kf2 b4 42. d5+ Kd7 43. Nc4 Rc3 44. e6+ Ke8 45. d6 Nd5 46. Rc8# 1-0

[Event "AUTO-INT-2059"]
[Site "http://www.queenalice.com/game.php?id=948778"]
[Date "2011.6.11"]
[Round "1"]
[White "Oguh"]
[Black "Marrobas"]
[Result "0-1"]
[WhiteElo "1735"]
[BlackElo "1523"]

1. e4 d5 2. Qf3 dxe4 3. Qxe4 Nf6 4. Qd3 Nbd7 5. g3 e5 6. Bg2 Bd6 7. Nc3 O-O 8.
Ne4 Nxe4 9. Bxe4 g6 10. b3 f5 11. Bd5+ Kg7 12. Bb2 Nf6 13. c4 Nxd5 14. Qxd5 Qe7
15. Ne2 c6 16. Qd3 Be6 17. f4 Bf7 18. Qe3 Rfe8 19. O-O-O Kg8 20. fxe5 Bxe5 21.
Bxe5 Qxe5 22. Qxe5 Rxe5 23. Rde1 Rae8 24. Kd1 g5 25. Rhf1 Bh5 26. Rf2 f4 27. d4
R5e7 28. Kd2 f3 29. Rff1 Rxe2+ 30. Rxe2 Rxe2+ 31. Kd3 Rxh2 32. a4 Ra2 33. Kc3 g4
34. d5 Bg6 35. d6 Bf5 36. Kd4 Kf7 37. Ke5 Kg6 38. Rd1 f2 39. d7 Bxd7 40. Kd6 Bf5
41. Kc7 Bd3 42. Rxd3 f1=Q 43. Rd6+ Kf7 44. Rd7+ Ke6 45. Rxh7 Rf2 46. Kd8 Qd3+
47. Ke8 Qxh7 48. Kd8 Qd7# 0-1

[Event "AUTO-INT-2075"]
[Site "http://www.queenalice.com/game.php?id=956479"]
[Date "2011.7.3"]
[Round "1"]
[White "mp3"]
[Black "Marrobas"]
[Result "0-1"]
[WhiteElo "1514"]
[BlackElo "1558"]

1. e4 d5 2. e5 Nc6 3. Nf3 Bf5 4. a3 e6 5. Bb5 Bc5 6. O-O a6 7. Bxc6+ bxc6 8. d4
Bb6 9. c3 Ne7 10. Bg5 h6 11. Bxe7 Qxe7 12. b4 a5 13. Nbd2 axb4 14. axb4 O-O 15.
Rxa8 Rxa8 16. h3 f6 17. Re1 fxe5 18. Nxe5 Qe8 19. Ndf3 g5 20. g4 Bh7 21. Kg2 Be4
22. Qe2 Ra3 23. Rc1 Qa8 24. h4 Ra2 25. Qe1 gxh4 26. Qh1 Qf8 27. Qxh4 Kh7 28. Qh3
Qf4 29. g5 Qxg5+ 30. Kf1 Qxc1+ 31. Ne1 Qf4 32. Qg3 Qxg3 33. fxg3 Ra3 34. Kf2
Rxc3 35. Nd7 Bxd4+ 36. Kf1 Rb3 37. Nf8+ Kg8 38. Nxe6 Be5 39. Nc5 Rxg3 40. Ne6 d4
41. Kf2 d3 42. Nxd3 Bxd3 43. Nc5 Bf5 44. Na6 h5 45. Nc5 h4 0-1

[Event "AUTO-INT-2075"]
[Site "http://www.queenalice.com/game.php?id=956480"]
[Date "2011.7.3"]
[Round "1"]
[White "Marrobas"]
[Black "mp3"]
[Result "1-0"]
[WhiteElo "1610"]
[BlackElo "1531"]

1. d4 d5 2. c4 dxc4 3. Nc3 e6 4. e4 c6 5. Bxc4 b5 6. Bb3 Nf6 7. Bg5 Be7 8. Nf3
O-O 9. O-O b4 10. Bxf6 Bxf6 11. Ne2 a5 12. Qd2 Ba6 13. Rfe1 c5 14. e5 Be7 15.
Rac1 cxd4 16. Qxd4 Qxd4 17. Nexd4 Bc5 18. Rxc5 Bb7 19. a3 bxa3 20. bxa3 Na6 21.
Rc2 Rad8 22. Nc6 Bxc6 23. Rxc6 Ra8 24. Rec1 h6 25. Bc4 Nb8 26. Rc7 Rd8 27. Bb5
Na6 28. Bxa6 Rxa6 29. Rc8 Rxc8 30. Rxc8+ Kh7 31. h4 g6 32. Rc7 Kg7 33. Rc5 h5
34. Nd2 f6 35. exf6+ Kxf6 36. Nc4 a4 37. f3 Ra7 38. Ra5 Rb7 39. Rxa4 Rb1+ 40.
Kf2 Rc1 41. Rb4 Rc2+ 42. Kg3 e5 43. a4 Ke6 44. a5 Ra2 45. Kh3 Kf6 46. Rb5 Kf5
47. g4+ Kf4 48. Nxe5 hxg4+ 49. fxg4 Ra3+ 50. Kh2 Ra2+ 51. Kg1 Ra1+ 52. Kf2 Ra2+
53. Ke1 Rh2 54. a6 Rxh4 55. Ra5 Rh8 56. a7 Ra8 57. Nd7 Kxg4 58. Nb6 Re8+ 59. Kd2
g5 60. a8=Q Rxa8 61. Rxa8 Kf4 62. Nd5+ Ke5 63. Rg8 Kf5 64. Ke3 Ke6 65. Rxg5 Kd6
66. Ke4 Ke6 67. Rg6+ Kd7 68. Nb4 Kc7 69. Kd5 Kd7 70. Nd3 Kc7 71. Rh6 Kd7 72.
Rh7+ Kc8 73. Kd6 Kd8 74. Rh8# 1-0

[Event "AUTO-INT-2075"]
[Site "http://www.queenalice.com/game.php?id=956485"]
[Date "2011.7.3"]
[Round "1"]
[White "andre_ramos"]
[Black "Marrobas"]
[Result "1-0"]
[WhiteElo "1598"]
[BlackElo "1537"]

1. e4 d5 2. exd5 Nf6 3. d4 Nxd5 4. c4 Nb6 5. Nf3 Bf5 6. Nc3 e6 7. Qb3 Na6 8. c5
Nd5 9. Qxb7 Nab4 10. Bb5+ c6 11. Bxc6+ Nxc6 12. Qxc6+ Ke7 13. Qb7+ Ke8 14. Ne5
Bg6 15. Qc6+ Ke7 16. Bg5+ f6 17. Qb7+ Ke8 18. Qb5+ 1-0

[Event "AUTO-INT-2075"]
[Site "http://www.queenalice.com/game.php?id=956486"]
[Date "2011.7.3"]
[Round "1"]
[White "Marrobas"]
[Black "andre_ramos"]
[Result "0-1"]
[WhiteElo "1564"]
[BlackElo "1807"]

1. d4 Nf6 2. c4 e6 3. Nf3 b6 4. g3 Bb7 5. Bg2 Be7 6. O-O O-O 7. Nc3 d5 8. cxd5
exd5 9. Bd2 Ne4 10. Rc1 Nxd2 11. Qxd2 Nd7 12. Rfe1 Re8 13. e4 dxe4 14. Nxe4 c5
15. Qf4 Rc8 16. Nd6 Bxd6 17. Qxd6 Be4 18. Qf4 Nf6 19. dxc5 Rxc5 20. Rxc5 bxc5
21. Rc1 Qb6 22. b3 Nd5 23. Qh4 h6 24. Nd2 Bxg2 25. Kxg2 Re2 26. Ne4 g5 27. Nxg5
Qf6 28. Ne4 Qf5 29. Nf6+ Nxf6 30. Qf4 Qxf4 31. gxf4 Rxa2 32. Rxc5 Rxf2+ 33. Kxf2
Ne4+ 34. Ke3 Nxc5 35. b4 Na6 0-1

[Event "Challenge"]
[Site "http://www.queenalice.com/game.php?id=972453"]
[Date "2011.8.14"]
[Round "-"]
[White "neosukita"]
[Black "Marrobas"]
[Result "1-0"]
[WhiteElo "1646"]
[BlackElo "1582"]

1. e4 d5 2. exd5 Nf6 3. c4 e6 4. dxe6 Bxe6 5. Nf3 Nc6 6. Nc3 Nb4 7. a3 Nd3+ 8.
Bxd3 Qxd3 9. Ne5 Qd6 10. d4 O-O-O 11. O-O Qxd4 12. Nf3 Qg4 13. Bd2 Bxc4 14. Ne5
Qxd1 15. Rfxd1 Bb3 16. Nxf7 Bxf7 17. Bg5 Be7 18. Rxd8+ Rxd8 19. Rc1 h6 20. Bf4
c6 21. Re1 1-0

[Event "OS INCLIVEIS"]
[Site "http://www.queenalice.com/game.php?id=973184"]
[Date "2011.8.16"]
[Round "-"]
[White "adelio"]
[Black "Marrobas"]
[Result "0-1"]
[WhiteElo "1625"]
[BlackElo "1593"]

1. e4 d5 2. e5 c5 3. g4 Nc6 4. f4 f6 5. Qe2 Nd4 6. Qg2 Nxc2+ 7. Kd1 Nxa1 8. Nc3
e6 9. Nf3 Bd7 10. b3 Qb6 11. Bb2 Nxb3 12. axb3 Qxb3+ 13. Kc1 Bc6 14. Qe2 O-O-O
15. Qd1 Qb6 16. Bg2 Be7 17. Rg1 Nh6 18. h3 Rhf8 19. exf6 Bxf6 20. g5 Bxc3 21.
dxc3 Nf5 22. Qd2 c4 23. Re1 Ba4 24. Ne5 Ng3 25. Ba3 Ne4 26. Bxe4 dxe4 27. Qe3
Qxe3+ 28. Rxe3 Rd1+ 29. Kb2 Rxf4 30. Re2 Rff1 31. Nxc4 Rb1+ 32. Ka2 Bb3# 0-1

[Event "AUTO-OPEN-2474"]
[Site "http://www.queenalice.com/game.php?id=983965"]
[Date "2011.9.11"]
[Round "1"]
[White "AAART"]
[Black "Marrobas"]
[Result "1-0"]
[WhiteElo "1780"]
[BlackElo "1623"]

1. Nf3 d5 2. d4 Bg4 3. e3 e6 4. c4 Nf6 5. cxd5 exd5 6. Be2 Nbd7 7. Nc3 c5 8.
dxc5 Nxc5 9. a3 Be7 10. b4 Nce4 11. Bb2 O-O 12. O-O Rc8 13. Rc1 a6 14. Nd2 Bxe2
15. Qxe2 Qd7 16. Ncxe4 Nxe4 17. Nxe4 dxe4 18. Rfd1 Qe6 19. Rxc8 Rxc8 20. Rc1
Rxc1+ 21. Bxc1 1-0

[Event "AUTO-OPEN-2474"]
[Site "http://www.queenalice.com/game.php?id=983966"]
[Date "2011.9.11"]
[Round "1"]
[White "Marrobas"]
[Black "AAART"]
[Result "0-1"]
[WhiteElo "1623"]
[BlackElo "1758"]

1. d4 Nf6 2. c4 e6 3. Nf3 d5 4. Bg5 Be7 5. e3 O-O 6. Nc3 c6 7. Bd3 a6 8. O-O b5
9. cxb5 cxb5 10. a3 Bb7 11. Re1 Nbd7 12. Rc1 Rc8 13. Qd2 Re8 14. Rc2 Nb6 15. Ne5
Nfd7 16. Bxe7 Qxe7 17. Nxd7 Qxd7 18. Rec1 Nc4 19. Qe2 e5 0-1

[Event "AUTO-INT-2059"]
[Site "http://www.queenalice.com/game.php?id=990921"]
[Date "2011.9.28"]
[Round "2"]
[White "Marrobas"]
[Black "spin"]
[Result "0-1"]
[WhiteElo "1586"]
[BlackElo "1534"]

1. e4 e5 2. Nf3 Qf6 3. d4 Nc6 4. Be3 exd4 5. Nxd4 Na5 6. Nc3 c5 7. Ndb5 Kd8 8.
Qd2 Qb6 9. Nd5 Qe6 10. Qxa5+ b6 0-1